000 00334nam a22001337a 4500
003 SGT
082 _a617.525
_bR13D
100 _aDAR, NAHIDA
245 _aRADIOLOGICAL ADVANCEMENTS IN IMPLANT TREATMENT PLANING
260 _aDELHI NCR
_bSGT UNIVERSITY GURUGRAM
_c2013
300 _a1-55
650 _aORAL SURGERY
942 _2ddc
_cTH
999 _c18905
_d18905